000 01423cam a2200397 a 4500
001 13610911
003 OSt
005 20140310184237.0
008 040601s2005 nyuabcjc 000 1 eng
010 _a 2004012560
020 _a0439499062
040 _aDLC
_cDLC
_dDLC
042 _alcac
050 0 0 _aPZ 7
_b.D2385An 2005
100 1 _aDanticat, Edwidge,
_d1969-
_929293
245 1 0 _aAnacaona, Golden Flower /
_cby Edwidge Danticat.
250 _a1st ed.
260 _aNew York, NY :
_bScholastic,
_c2005.
300 _a186 p. :
_bill. ;
_c20 cm.
440 4 _aThe royal diaries
_917275
521 _aG9
526 _c1080
600 0 0 _aAnacaona,
_dd. 1504
_vJuvenile fiction.
_929294
600 0 1 _aAnacaona,
_dd. 1504
_vFiction.
_929295
650 1 _aTaino Indians
_vFiction.
_929296
650 1 _aIndians of the West Indies
_vFiction.
_929297
650 1 _aKings, queens, rulers, etc.
_vFiction.
_929298
650 1 _aDiaries
_vFiction.
_929299
651 1 _aHaiti
_xHistory
_yTo 1791
_vFiction.
_929300
651 1 _aAmerica
_xDiscovery and exploration
_xSpanish
_vFiction.
_929301
856 4 2 _3Publisher description
_uhttp://www.loc.gov/catdir/description/schol051/2004012560.html
906 _a7
_bcbc
_corignew
_d1
_eecip
_f20
_gy-gencatlg
942 _2lcc
_cBK-SCHOLAS
999 _c33216
_d33216